Communication systems (Record no. 9243)

MARC details
000 -LEADER
fixed length control field 00460nam a2200217Ia 4500
001 - CONTROL NUMBER
control field 087157
003 - CONTROL NUMBER IDENTIFIER
control field YMCAF
005 - DATE AND TIME OF LATEST TRANSACTION
control field 20230512161616.0
008 - FIXED-LENGTH DATA ELEMENTS--GENERAL INFORMATION
fixed length control field 100717s2003 ||||||||||||||||| ||und|d
024 ## - OTHER STANDARD IDENTIFIER
Standard number or code 87157
035 ## - SYSTEM CONTROL NUMBER
System control number 26616
040 ## - CATALOGING SOURCE
Original cataloging agency YMCAF
Language of cataloging eng
Transcribing agency IN-KoLT
041 ## - LANGUAGE CODE
Language code of text/sound track or separate title eng
082 ## - DEWEY DECIMAL CLASSIFICATION NUMBER
Classification number 621.382
Item number TAU
100 ## - MAIN ENTRY--PERSONAL NAME
Personal name Taub/Schilling
245 #0 - TITLE STATEMENT
Title Communication systems
250 ## - EDITION STATEMENT
Edition statement 2nd
260 ## - PUBLICATION, DISTRIBUTION, ETC.
Name of publisher, distributor, etc. TMH
Date of publication, distribution, etc. 2003
300 ## - PHYSICAL DESCRIPTION
Extent 759
942 ## - ADDED ENTRY ELEMENTS (KOHA)
Source of classification or shelving scheme Dewey Decimal Classification
Koha item type Books
Holdings
Withdrawn status Lost status Damaged status Not for loan Home library Current library Date acquired Cost, normal purchase price Total Checkouts Barcode Date last seen Cost, replacement price Price effective from Koha item type Public note G
        JC Bose University of Science & Technology JC Bose University of Science & Technology 17/07/2010 240.00   26620 12/05/2023 240.00 12/05/2023 Books C 12185
  Lost     JC Bose University of Science & Technology JC Bose University of Science & Technology 17/07/2010 240.00   26616 12/05/2023 240.00 12/05/2023 Books C 12185
        JC Bose University of Science & Technology JC Bose University of Science & Technology 17/07/2010 240.00   26617 12/05/2023 240.00 12/05/2023 Books C 12185
        JC Bose University of Science & Technology JC Bose University of Science & Technology 17/07/2010 240.00   26618 12/05/2023 240.00 12/05/2023 Books C 12185
        JC Bose University of Science & Technology JC Bose University of Science & Technology 17/07/2010 240.00   26619 12/05/2023 240.00 12/05/2023 Books C 12185